Science Quiz

Random Science or Math Quiz

True or False Math Statements Quiz Stats

 Plays Quiz Updated Jun 18, 2018

Score 0/15 Timer 02:00
4 Plays Today
Question Answer Wrong Answers
7 * 8 = 56. TRUE
89.3%
FALSE
3.1%
2.68 > 2.8 FALSE
86.7%
TRUE
5.8%
In the number 123,456,789, the number 6 is in the thousands place. TRUE
86.1%
FALSE
6.5%
Four out of eleven are better odds than three out of seven. FALSE
78%
TRUE
14.7%
The equation y = 2x2 + 5x - 2 is graphed as a parabola. TRUE
77.5%
FALSE
14.5%
Pi is an irrational number. TRUE
75.7%
FALSE
16.8%
80% of 42 equals 30. FALSE
75.2%
TRUE
17.2%
A line connecting two opposite sides of a circle is called the circumference. FALSE
73.7%
TRUE
18.9%
7000 mm = 7 km. FALSE
72.2%
TRUE
20.4%
2,147,483,647 is a prime number. TRUE
72%
FALSE
20.4%
There are four trigonometric ratios. FALSE
67.5%
TRUE
24.7%
√(y - 2)2 = y + 2 FALSE
67.1%
TRUE
25.5%
In the graphing equation y=mx+b, b refers to the slope of a straight line. FALSE
65.8%
TRUE
26.4%
Two angles that have a sum of 90 degrees are called supplementary angles. FALSE
54.1%
TRUE
38.3%
12x2 - 5x + 3 is an example of a trinomial. TRUE
54.1%
FALSE
38.2%

You're not logged in!

Compare scores with friends on all Sporcle quizzes.
OR
Log In

Sporcle TV

Today on Sporcle TV


Watch our educational content, quiz creation guides, and fun videos on Sporcle TV.

Show Comments

Extras

Top Quizzes Today


Score Distribution

Your Account Isn't Verified!

In order to create a playlist on Sporcle, you need to verify the email address you used during registration. Go to your Sporcle Settings to finish the process.

Report this User

Report this user for behavior that violates our Community Guidelines.

Details: